Mnohostrannost v mezinárodních ekonomických vztazích mezi členskými státy RVHP

Na minha lista:
Detalhes bibliográficos
Autor principal: Amort, Jiří
Formato: Livro
Idioma:tcheco
Publicado em: Praha Academia 1981
Colecção:Studie ČSAV č. 16
Tags: Adicionar Tag
Sem tags, seja o primeiro a adicionar uma tag!

MARC

LEADER 00000nam a2200000 4500
001 c138127
005 20041019155312.1
041 0 |a cze 
044 |a CZ 
245 1 0 |a Mnohostrannost v mezinárodních ekonomických vztazích mezi členskými státy RVHP  |c Jiří Amort 
264 1 |a Praha  |b Academia  |c 1981 
300 |a 119 s. 
490 1 |a Studie ČSAV  |v č. 16 
830 0 |a Studie ČSAV  |v č. 16 
100 1 |a Amort, Jiří